LDR 00962naa#a2200193#i#450# 001 EN\\bibl\121895 005 20260430062535.4 011 ## _a2072-9502 100 ## _a20260427b2026####ek#y0engy0150####ca 102 ## _aRU 200 1# _aFull-text Russian-language search in a distributed repository of patent information _eJournal article 210 1# _aAstrakhan _cAstrakhan State Technical University _d2026 215 ## _a11 с. 608 ## _aJournal article _2local 675 ## _aИндустриальная (промышленная, научная) собственность и право собственности. Патентное право и право на товарный знак. Регистрация промышленных образцов, проектов, наименований и пр.. 347.77 _z 700 #1 _aKorobkin _gDmitriy Mihaylovich 700 #1 _aFomenkov _gSergey Alekseevich 700 #1 _aBobunov _gArtyom Vladimirovich 856 4# _avestnik.astu.org _u